From Language Learner to Language Teacher: An Introduction to Teaching English as a Foreign Language (Record no. 2531)

MARC details
005 - DATE AND TIME OF LATEST TRANSACTION
control field 20250522142247.0
020 ## - INTERNATIONAL STANDARD BOOK NUMBER
International Standard Book Number 9781931185387
082 ## - DEWEY DECIMAL CLASSIFICATION NUMBER
Classification number LECT 425 SNO
100 ## - MAIN ENTRY--PERSONAL NAME
Author name SNOW, D.
245 ## - TITLE STATEMENT
Title From Language Learner to Language Teacher: An Introduction to Teaching English as a Foreign Language
260 ## - PUBLICATION, DISTRIBUTION, ETC.
Place of publication, distribution, etc. Washington,
Name of publisher, distributor, etc. Teachers of English to Speakers of Other Languages, Inc.
Date of publication, distribution, etc. 2007.
300 ## - PHYSICAL DESCRIPTION
Extent ix, 357p.
Other physical details Reference.
Dimensions 28cm.
856 ## - ELECTRONIC LOCATION AND ACCESS
Link text Access Online Book
Electronic name From Language Learner to Language Teacher: An Introduction to Teaching English as a Foreign Language
Path www.tesol.org
942 ## - ADDED ENTRY ELEMENTS (KOHA)
Source of classification or shelving scheme Dewey Decimal Classification
Koha item type Books
Holdings
Date last seen Total checkouts Full call number Barcode Cost, replacement price Price effective from Koha item type Lost status Source of classification or shelving scheme Damaged status Not for loan Withdrawn status Home library Current library Shelving location Date acquired Cost, normal purchase price
05/22/2025   LECT 425 SNO 0000009500 135000.00 05/22/2025 Books   Dewey Decimal Classification       College of Business Education Main Library College of Business Education Main Library General Collection 12/08/2010 45000.00
05/22/2025   LECT 425 SNO 0000009501 135000.00 05/22/2025 Books   Dewey Decimal Classification       College of Business Education Main Library College of Business Education Main Library General Collection 12/08/2010 45000.00
05/22/2025   LECT 425 SNO 0000009513 135000.00 05/22/2025 Books   Dewey Decimal Classification       College of Business Education Main Library College of Business Education Main Library General Collection 12/08/2010 45000.00